| 000 | 01339nam a2200301Ia 4500 | ||
|---|---|---|---|
| 003 | GCL | ||
| 008 | 140319s9999 xx 000 0 ara d | ||
| 020 | _a9735366977 | ||
| 040 |
_aGCL / _cGCL |
||
| 082 | 0 | 4 |
_a390 _bم ع |
| 100 | 1 | _aمحمد كامل عبدالصمد | |
| 245 | 1 | 0 |
_aعادات وتقاليد لدى شعوب العالم المختلفة : _bالجزء الرابع ( طبعة مزيدة ومنقحة ) / _cمحمد كامل عبدالصمد |
| 250 | _aالثانية | ||
| 260 |
_aالقاهرة : _bالدار العربية للكتاب ، _c2004 |
||
| 300 |
_a397 ص ؛ _c24 سم |
||
| 490 |
_aغرائب المعتقدات والعادات _v0 |
||
| 650 | 0 | 4 | _aاليابان - العادات والتقاليد |
| 650 | 0 | 4 | _aالزواج - العادات والتقاليد |
| 650 | 0 | 4 | _aافريقيا - العادات والتقاليد |
| 650 | 0 | 4 | _aالاعياد اليابانية |
| 650 | 0 | 4 | _aالصين - العادات والتقاليد |
| 650 | 0 | 4 | _aهولندا - العادات والتقاليد |
| 650 | 0 | 4 | _aالسنغال - العادات والتقاليد |
| 650 | 0 | 4 | _aمالى - العادات والتقاليد |
| 650 | 0 | 4 | _aالاعياد - العادات والتقاليد |
| 650 | 0 | 4 | _aالرقص الشعبى - العادات والتقاليد |
| 942 |
_2ddc _cBK |
||
| 999 |
_c42595 _d42595 |
||